The Chemical Works of Carl Wilhelm Scheele / (Record no. 1786)

MARC details
000 -LEADER
fixed length control field 02940cam a22005655i 4500
001 - CONTROL NUMBER
control field data
005 - DATE AND TIME OF LATEST TRANSACTION
control field 20260322212118.0
006 - FIXED-LENGTH DATA ELEMENTS--ADDITIONAL MATERIAL CHARACTERISTICS
fixed length control field data
007 - PHYSICAL DESCRIPTION FIXED FIELD--GENERAL INFORMATION
fixed length control field data
008 - FIXED-LENGTH DATA ELEMENTS--GENERAL INFORMATION
fixed length control field data
035 ## - SYSTEM CONTROL NUMBER
System control number 21580372
010 ## - LIBRARY OF CONGRESS CONTROL NUMBER
LC control number 2019736554
020 ## - INTERNATIONAL STANDARD BOOK NUMBER
International Standard Book Number 9783319581811
024 7# - OTHER STANDARD IDENTIFIER
Standard number or code 10.1007/978-3-319-58181-1
Source of number or code doi
035 ## - SYSTEM CONTROL NUMBER
System control number (DE-He213)978-3-319-58181-1
040 ## - CATALOGING SOURCE
Original cataloging agency DLC
Language of cataloging eng
Description conventions rda
-- rda
Transcribing agency DLC
072 #7 - SUBJECT CATEGORY CODE
Subject category code PDX
Source thema
072 #7 - SUBJECT CATEGORY CODE
Subject category code PN
Source bicssc
072 #7 - SUBJECT CATEGORY CODE
Subject category code PN
Source thema
072 #7 - SUBJECT CATEGORY CODE
Subject category code SCI013000
Source bisacsh
082 04 - DEWEY DECIMAL CLASSIFICATION NUMBER
Classification number 540.9
Edition information 23
097 00 -
-- QD11-18
100 1# - MAIN ENTRY--PERSONAL NAME
Personal name Lennartson, Anders.
Relator term author.
245 14 - TITLE STATEMENT
Title The Chemical Works of Carl Wilhelm Scheele /
Statement of responsibility, etc. by Anders Lennartson.
250 ## - EDITION STATEMENT
Edition statement 1st ed. 2017.
264 #1 - PRODUCTION, PUBLICATION, DISTRIBUTION, MANUFACTURE, AND COPYRIGHT NOTICE
Place of production, publication, distribution, manufacture Cham :
Name of producer, publisher, distributor, manufacturer Imprint: Springer,
-- Imprint: Springer,
Date of production, publication, distribution, manufacture, or copyright notice 2017.
300 ## - PHYSICAL DESCRIPTION
Extent 1 online resource (XI, 110 pages 36 illustrations, 15 illustrations in color.)
336 ## - CONTENT TYPE
Content type term text
Content type code txt
Source rdacontent
337 ## - MEDIA TYPE
Media type term computer
Media type code c
Source rdamedia
338 ## - CARRIER TYPE
Carrier type term online resource
Carrier type code cr
Source rdacarrier
347 ## - DIGITAL FILE CHARACTERISTICS
File type text file
Encoding format PDF
Source rda
490 1# - SERIES STATEMENT
Series statement SpringerBriefs in History of Chemistry,
International Standard Serial Number 2212-991X
505 0# - FORMATTED CONTENTS NOTE
Formatted contents note Introduction -- A bibliography of Scheele's published works -- The Chemical Works of Carl Wilhelm Scheele -- Summary -- Index of names -- Index of subjects. .
520 ## - SUMMARY, ETC.
Summary, etc. This brief draws on the first modern book about Carl Wilhelm Scheele which was published in Swedish in 2015. Following an introduction and bibliography of Scheele's published works, the author analyses Scheele's publications paragraph by paragraph, explaining the procedures and the results in modern terms, and summarising and elucidating Scheele's conclusions. Up until now the original works by Scheele have only in part been translated into English, and to get a complete view of Scheele's work, knowledge of both Swedish and German was required. This brief opens up the important work of Carl Wilhelm Scheele to an international audience of historians of chemistry, students of history of chemistry and interested chemists. .
588 ## - SOURCE OF DESCRIPTION NOTE
Source of description note Description based on publisher-supplied MARC data.
650 #0 - SUBJECT ADDED ENTRY--TOPICAL TERM
Topical term or geographic name entry element Chemistry-History.
650 #0 - SUBJECT ADDED ENTRY--TOPICAL TERM
Topical term or geographic name entry element Europe-History.
650 #0 - SUBJECT ADDED ENTRY--TOPICAL TERM
Topical term or geographic name entry element History.
650 14 - SUBJECT ADDED ENTRY--TOPICAL TERM
Topical term or geographic name entry element History of Chemistry.
Authority record control number or standard number http://scigraph.springernature.com/things/product-market-codes/C34000
650 24 - SUBJECT ADDED ENTRY--TOPICAL TERM
Topical term or geographic name entry element European History.
Authority record control number or standard number http://scigraph.springernature.com/things/product-market-codes/717000
650 24 - SUBJECT ADDED ENTRY--TOPICAL TERM
Topical term or geographic name entry element History of Science.
Authority record control number or standard number http://scigraph.springernature.com/things/product-market-codes/731000
776 08 - ADDITIONAL PHYSICAL FORM ENTRY
Relationship information Print version:
Title The chemical works of Carl Wilhelm Scheele.
International Standard Book Number 9783319581804
Record control number (DLC) 2017939311
776 08 - ADDITIONAL PHYSICAL FORM ENTRY
Relationship information Printed edition:
International Standard Book Number 9783319581804
776 08 - ADDITIONAL PHYSICAL FORM ENTRY
Relationship information Printed edition:
International Standard Book Number 9783319581828
830 #0 - SERIES ADDED ENTRY--UNIFORM TITLE
Uniform title SpringerBriefs in History of Chemistry,
International Standard Serial Number 2212-991X
906 ## - LOCAL DATA ELEMENT F, LDF (RLIN)
a 0
b ibc
c origres
d u
e ncip
f 20
g y-gencatlg
925 0# -
-- acquire
-- pcnspringer
-- policy default
985 ## -
-- springerpcn
991 ## -
-- s-Online
-- Electronic Resource
Holdings
Withdrawn status Lost status Damaged status Not for loan Home library Current library Shelving location Date acquired Total checkouts Full call number Barcode Date last seen Price effective from Koha item type
        Franklin Franklin General stacks 22/03/2026   540.9 LOC-FRL-00022 22/03/2026 22/03/2026 Books